Distributions and the boundary values of analytic functions / (Registro nro. 14996)
[ vista simple ]
| 000 -CABECERA | |
|---|---|
| campo de control de longitud fija | 00698cam a22002532u 4500 |
| 001 - NÚMERO DE CONTROL | |
| campo de control | BUGAP-009589 |
| 003 - IDENTIFICADOR DEL NÚMERO DE CONTROL | |
| campo de control | AR-TrUNPB |
| 007 - CAMPO FIJO DE DESCRIPCIÓN FÍSICA--INFORMACIÓN GENERAL | |
| campo de control de longitud fija | ta |
| 008 - DATOS DE LONGITUD FIJA--INFORMACIÓN GENERAL | |
| campo de control de longitud fija | 150818s1966 xxu r 000 0 eng d |
| 040 ## - FUENTE DE LA CATALOGACIÓN | |
| Centro catalogador/agencia de origen | AR-TrUNPB |
| 082 0# - NÚMERO DE LA CLASIFICACIÓN DECIMAL DEWEY | |
| Número de clasificación | 515.73 |
| Número de edición | 20 |
| 100 1# - ENTRADA PRINCIPAL--NOMBRE DE PERSONA | |
| Nombre de persona | Beltrami, E J |
| 245 10 - MENCIÓN DE TÍTULO | |
| Título | Distributions and the boundary values of analytic functions / |
| Mención de responsabilidad, etc. | E J Beltrami |
| 260 ## - PUBLICACIÓN, DISTRIBUCIÓN, ETC. (PIE DE IMPRENTA) | |
| Lugar de publicación, distribución, etc. | New York : |
| Nombre del editor, distribuidor, etc. | Academic Press, |
| Fecha de publicación, distribución, etc. | 1966 |
| 300 ## - DESCRIPCIÓN FÍSICA | |
| Extensión | xiv; 116 p |
| 590 ## - NOTA LOCAL (RLIN) | |
| Nota local | Registros migrados a formato MARC |
| 650 #7 - PUNTO DE ACCESO ADICIONAL DE MATERIA--TÉRMINO DE MATERIA | |
| Término de materia o nombre geográfico como elemento inicial | MATEMATICAS |
| Fuente del encabezamiento o término | Unescot |
| 9 (RLIN) | 4387 |
| 650 #4 - PUNTO DE ACCESO ADICIONAL DE MATERIA--TÉRMINO DE MATERIA | |
| Término de materia o nombre geográfico como elemento inicial | TRANSFORMACION DE LAPLACE |
| 650 #4 - PUNTO DE ACCESO ADICIONAL DE MATERIA--TÉRMINO DE MATERIA | |
| Término de materia o nombre geográfico como elemento inicial | FUNCIONES ANALITICAS |
| 650 #4 - PUNTO DE ACCESO ADICIONAL DE MATERIA--TÉRMINO DE MATERIA | |
| Término de materia o nombre geográfico como elemento inicial | ESPACIOS DE BANACH |
| 700 1# - PUNTO DE ACCESO ADICIONAL--NOMBRE DE PERSONA | |
| Nombre de persona | Wohlers, M R |
| 942 ## - ELEMENTOS DE PUNTO DE ACCESO ADICIONAL (KOHA) | |
| Tipo de ítem Koha | Libros |
| 910 ## - Autoría del registro | |
| Catalogador/fecha | AB040604 |
| Estado de retiro | Estado de pérdida | Estado dañado | No para préstamo | Localización permanente | Ubicación/localización actual | Fecha de adquisición | Total de préstamos | Signatura topográfica completa | Código de barras | Fecha visto por última vez | Precio válido a partir de | Tipo de ítem Koha |
|---|---|---|---|---|---|---|---|---|---|---|---|---|
| En estantería | Presente | Para el préstamo | Trelew: Biblioteca Universitaria "Gabriel A. Puentes". | Trelew: Biblioteca Universitaria "Gabriel A. Puentes". | 02/10/2015 | 515.73/B 453 | T04935 | 02/10/2015 | 02/10/2015 | Libros |